Southville International School and Colleges
Your cart is empty.
  • Cart
  • Lists
    Public lists Eva Luna New books Lux_list list_1
    Your lists Log in to create your own lists
  • Log in to your account
  • Your cookies
  • Search history
Southville International School and Colleges
  • Advanced search
  • Recent comments
  • Most popular
  • Libraries

Log in to your account

Log in with GOOGLE


If you do not have an external account, but do have a local account, you can still log in:

  1. Home
  2. MARC view: Visual photo /
Normal view MARC view ISBD view

Visual photo / (Record no. 300772)

[ view plain ]
MARC details
000 -LEADER
fixed length control field 00620nam a2200217Ia 4500
008 - FIXED-LENGTH DATA ELEMENTS--GENERAL INFORMATION
fixed length control field 160901s9999 xx 000 0 und d
050 ## - LIBRARY OF CONGRESS CALL NUMBER
Classification number FIL TR 267.5
050 ## - LIBRARY OF CONGRESS CALL NUMBER
Item number .G56P45 2011 c.1
100 ## - MAIN ENTRY--PERSONAL NAME
Personal name Blanca Pelayo.
245 ## - TITLE STATEMENT
Title Visual photo /
245 ## - TITLE STATEMENT
Statement of responsibility, etc Shiela Blanca Pelayo; edited by Conchita Camba Crisostomo.
260 ## - PUBLICATION, DISTRIBUTION, ETC. (IMPRINT)
Place of publication, distribution, etc Philippines :
260 ## - PUBLICATION, DISTRIBUTION, ETC. (IMPRINT)
Name of publisher, distributor, etc 3K - It Educ. Services.,
260 ## - PUBLICATION, DISTRIBUTION, ETC. (IMPRINT)
Date of publication, distribution, etc 2011
300 ## - PHYSICAL DESCRIPTION
Extent 118 pages :
300 ## - PHYSICAL DESCRIPTION
Other physical details ill. ;
300 ## - PHYSICAL DESCRIPTION
Dimensions 23 cm.
650 ## - SUBJECT ADDED ENTRY--TOPICAL TERM
Topical term or geographic name as entry element GIMP (Computer file).
650 ## - SUBJECT ADDED ENTRY--TOPICAL TERM
Topical term or geographic name as entry element Image processing -- Digital techniques.
650 ## - SUBJECT ADDED ENTRY--TOPICAL TERM
General subdivision Photography -- Digital techniques.
Holdings
Withdrawn status Lost status Damaged status Home library Current library Shelving location Date acquired Total Checkouts Full call number Barcode Date last seen Price effective from Koha item type
      South Mansfield College South Mansfield College Filipiniana Section 07/10/2012   FIL TR 267.5 .G56P45 2011 c.1 SMC05752 09/01/2016 09/01/2016  

Visual photo /

APA

Blanca Pelayo, .Visual photo. Philippines: .

Chicago

Blanca Pelayo, .Visual photo. Philippines: .

Harvard

Blanca Pelayo, .Visual photo. Philippines: .

MLA

Blanca Pelayo, .Philippines: . .

  • Place hold
  • Print
  • Cite
  • Add to your cart (remove)
  • Save record
    BIBTEX Dublin Core MARCXML MARC (non-Unicode/MARC-8) MARC (Unicode/UTF-8) MARC (Unicode/UTF-8, Standard) MODS (XML) RIS
  • More searches
    Search for this title in:
    Other Libraries (WorldCat) Other Databases (Google Scholar) Online Stores (Bookfinder.com) Open Library (openlibrary.org)

Exporting to Dublin Core...

SOUTHVILLE LIBRARY

Southville International School and Colleges Library

1281 Tropical Ave. Cor. Luxembourg St., BF Homes International, Las Pinas City

Tel. No. 8256374 / 252358 Loc. 117/146

Powered by Koha